Á lódáil...

New perspectives on American literature

Sonraí Bibleagrafaíochta
Údair Eile: Ishteyque Shams
Formáid: Printed Book
Foilsithe: New Delhi Atlantic Publishers 2004.
Ábhair:
LEADER 00468cam a2200145ua 4500
020 |a 81-269-0393-7 
082 |a 810.9  |b NEW 
245 1 0 |a New perspectives on American literature  
260 |a New Delhi  |b Atlantic Publishers  |c 2004. 
300 |a 192p. 
650 |a American literature 
700 |a Ishteyque Shams 
942 |c BK 
999 |c 18160  |d 18160 
952 |0 0  |1 0  |4 0  |6 810_900000000000000_NEW  |7 0  |9 18959  |a KUCL  |b KUCL  |d 2014-05-23  |l 3  |m 1  |o 810.9 NEW  |p 19670  |r 2020-01-18  |s 2019-11-23  |y BK